000 00966nam a22002777a 4500
999 _c5041
_d5041
003 AR-CdUCM
008 190311b ||||| |||| 00| 0 spa d
040 _aMUNICIPALIDAD PROVINCIAL DEL CUSCO
_cBIBLIOTECA MUNICIPAL DEL CUSCO
082 _a869.963 /
_bG92
100 _aGuillén, Nicolás
_98092
245 _aEl son entero :
_bsuma poética, 1929-1946 /
260 _aBuenos Aires :
_bPleamar,
_c1947.
300 _a209 ´páginas ;
_c20.5 cm.
500 _aDonación de la familia Nieto.
650 _aPoesía Cubana - Siglo XX
_915394
650 _aPoetas cubanos
_915395
650 _aNicolas Guillen - Poemas
_915396
700 _aUnamuno, Miguel de ( Carta)
_915397
700 _aGrenet, Emilio
_915398
700 _aGrenet, Eliseo
_915399
700 _aGarcía Caturla, Alejandro
_915400
700 _aRevueltas, Silvestre (Textos Musicales)
_915401
700 _aEnríquez, Carlos (Ilustraciones)
_915402
942 _2ddc
_cLIBROS
945 _alccs